Banky - lidé - procesy, aneb za vším je člověk
Problémy a úlohy bankovej sústavy sa dotýkajú práce s ľudskými zdrojmi. Rozvoj a príprava ľudí v bankovom sektore. Kľúčová funkcia manažérov - riadenie zmien. Vzdelávanie zamestnancov v bankách.
Salvato in:
| Autore principale: | |
|---|---|
| Natura: | Capitolo di libro |
| Lingua: | ceco |
| Soggetti: | |
| Tags: |
Nessun Tag, puoi essere il primo ad aggiungerne!!
|
MARC
| LEADER | 00000naa a2200000 4500 | ||
|---|---|---|---|
| 001 | r035651 | ||
| 005 | 20230929094232.9 | ||
| 041 | 0 | |a cze | |
| 044 | |a CZ | ||
| 245 | 1 | 0 | |a Banky - lidé - procesy, aneb za vším je člověk |c Vlasta Střížová |
| 520 | |a Problémy a úlohy bankovej sústavy sa dotýkajú práce s ľudskými zdrojmi. Rozvoj a príprava ľudí v bankovom sektore. Kľúčová funkcia manažérov - riadenie zmien. Vzdelávanie zamestnancov v bankách. | ||
| 610 | 2 | 0 | |a bankovníctvo |
| 610 | 2 | 0 | |a zdroje ľudské |
| 610 | 2 | 0 | |a personalistika |
| 610 | 2 | 0 | |a riadenie zmien |
| 610 | 2 | 0 | |a manažment |
| 610 | 2 | 0 | |a zamestnanci |
| 610 | 2 | 0 | |a vzdelávanie |
| 610 | 2 | 0 | |a rozvoj pracovníkov |
| 100 | 1 | |a Střížová, Vlasta | |